Algemene Kennisquiz #1 - Statistieken

Algemene statistieken
  • Deze quiz is 1.270 keer genomen
  • De gemiddelde score is 5 van 20
Antwoordstatistieken
Hint Antwoord % Correct
Soort zoekt wat? Soort
80%
Wat is de bestverkopende Zweedse band allertijden? ABBA
78%
Welk element heeft het symbool Pb? Lood
65%
Wat is het Spaanse woord voor stier? Toro
56%
Wat is de hoofdstad van de Filipijnen? Manila
55%
Wie was de tweede vrouw van John Lennon? Yoko Ono
48%
De Westoever is één Palestijns gebied. Wat is de andere? Gazastrook
29%
Vanuit waar kun je wel uitchecken, maar nooit weggaan? Hotel California
19%
Wie won de eerste editie van American Idol? Kelly Clarkson
16%
Wat is de grootste citrusvrucht? Pomelo
12%
Op welk eiland ligt Honolulu? Oahu
10%
Welke band nam 'Carry On Wayward Son' op? Kansas
9%
Wie is de leider van de kwaadwillende Decepticons? Megatron
8%
Wat is de echte voornaam van Magic Johnson? Earvin
4%
In welke stad ligt de Rose Bowl? Pasadena
3%
Welk soort hoed dragen de zogenaamde 'Shriners' vaak? Fez
2%
Wie was de vicepresident van Jimmy Carter? Walter Mondale
2%
Wie heeft 'Wendy's' opgericht? Dave Thomas
1%
Welke cartoonist schreef 'The Far Side'? Gary Larson
1%
Wat is de bijnaam van Pennsylvania? The Keystone State
1%
Geen overeenkomende quizzen gevonden
Scoreverdeling
Procent van Mensen met Elke Score
Percentiel versus Aantal Correcte Antwoorden
Uw Scoregeschiedenis
U heeft deze quiz nog niet genomen